Types of Killing - Statistics

General Stats
  • This quiz has been taken 210 times
  • The average score is 3 of 11
Answer Stats
Hint Answer % Correct
Killing of self Suicide
100%
Systematic extermination of an entire national, racial, religious, or ethnic group Genocide
50%
Killing of one's mother Matricide
38%
Killing of one's father Patricide
37%
Killing of a child within the first year of its life Infanticide
28%
Killing of a fetus in the uterus Feticide/Foeticide/Aborticide
9%
Killing of a brother (Also in military context death by friendly fire.) Fraticide
6%
Killing of one's sister Sororicide
6%
Killing of one's mother or father or other close relative Parricide/Parenticide
4%
Killing of one's spouse, especially the murder of a husband by his wife Mariticide
2%
Killing of one's wife Uxoricide
2%
No matching quizzes found
Score Distribution
Percent of People with Each Score
Percentile by Number Answered
Your Score History
You have not taken this quiz